| Tag |
First Indicator |
Second Indicator |
Subfields |
| LEADER |
00000cam a2200000 a 4500 |
| 001 |
in00000007498 |
| 005 |
20151005090008.0 |
| 008 |
861208s1986 nyua b i00000 eng d |
| 020 |
|
|
|a 9211163684 (set)
|
| 020 |
|
|
|a 9211163692 (v.1)
|
| 020 |
|
|
|a 9211163706 (v.2)
|
| 035 |
|
|
|a (OCoLC)14935859
|
| 035 |
|
|
|9 AAA1993AM
|
| 040 |
|
|
|a DJB
|c DJB
|d AGL
|d m/c
|d TXA
|d UtOrBLW
|
| 049 |
|
|
|a TXAM
|v 1 [A11024844]
|v 2 [A11024894]
|
| 050 |
|
4 |
|a HD9765.A2
|b E97 1986
|
| 070 |
0 |
|
|a HD9765.E9E9
|
| 072 |
|
0 |
|a E700
|a K500
|
| 245 |
0 |
0 |
|a European timber trends and prospects to the year 2000 and beyond.
|
| 264 |
|
1 |
|a New York :
|b United Nations,
|c 1986.
|
| 300 |
|
|
|a 2 volumes :
|b illustrations ;
|c 30 cm.
|
| 336 |
|
|
|a text
|b txt
|2 rdacontent
|
| 337 |
|
|
|a unmediated
|b n
|2 rdamedia
|
| 338 |
|
|
|a volume
|b nc
|2 rdacarrier
|
| 500 |
|
|
|a At head of title: United Nations Economic Commission for Europe, Geneva, Food and Agriculture Organization of the United Nations, Rome.
|
| 500 |
|
|
|a "United Nations publication sales number E.86.II.E.19."--Title page verso.
|
| 500 |
|
|
|a "ECE/TIM/30."--Title page verso.
|
| 504 |
|
|
|a Includes bibliographical references.
|
| 650 |
|
0 |
|a Lumber trade
|z Europe.
|
| 650 |
|
0 |
|a Forests and forestry
|z Europe.
|
| 650 |
|
0 |
|a Forest products industry
|z Europe.
|
| 710 |
2 |
|
|a United Nations.
|b Economic Commission for Europe.
|
| 710 |
2 |
|
|a Food and Agriculture Organization of the United Nations.
|
| 999 |
|
|
|a MARS
|
| 999 |
f |
f |
|s 5f51eb2a-6287-36ed-b523-2dfd0289fcc2
|i af11764a-0a53-339e-991a-58ff3c4645df
|t 0
|
| 952 |
f |
f |
|p ric
|a Texas A&M University
|b Rellis Campus
|c Joint Library Facility
|d Remote Storage
|t 0
|e HD9765.A2 E97 1986
|h Library of Congress classification
|i unmediated -- volume
|k v.2
|m A14811024894
|
| 952 |
f |
f |
|p ric
|a Texas A&M University
|b Rellis Campus
|c Joint Library Facility
|d Remote Storage
|t 0
|e HD9765.A2 E97 1986
|h Library of Congress classification
|i unmediated -- volume
|k v.1
|m A14811024844
|
| 998 |
f |
f |
|a HD9765.A2 E97 1986
|s v.1-v.2
|t 0
|l Remote Storage
|